ACC Football Players of the Year - Statistics

General Stats
  • This quiz has been taken 316 times
  • The average score is 10 of 41
Answer Stats
Hint Answer % Correct
2017 Louisville Lamar Jackson
90%
2016 Louisville Lamar Jackson
90%
2020 Clemson Trevor Lawrence
89%
2015 Clemson Deshaun Watson
83%
2013 Florida State Jameis Winston
72%
2006 Georgia Tech Calvin Johnson
62%
2007 Boston College Matt Ryan
52%
2019 Clemson Travis Etienne
48%
2018 Clemson Travis Etienne
48%
1980 North Carolina Lawrence Taylor
40%
2010 Virginia Tech Tyrod Taylor
39%
2003 N.C. State Philip Rivers
35%
1993 Florida State Charlie Ward
34%
1992 Florida State Charlie Ward
34%
2000 Florida State Chris Weinke
28%
2012 Clemson Tajh Boyd
28%
2011 Virginia Tech David Wilson
23%
2009 Clemson C.J. Spiller
18%
1996 Virginia Tiki Barber
17%
2014 Pittsburgh James Connor
13%
1981 Clemson Jeff Davis
12%
2002 Virginia Matt Schaub
10%
1990 Virginia Shawn Moore
10%
1995 Florida State Danny Kanell
6%
1999 Georgia Tech Joe Hamilton
6%
1987 Clemson Michael Perry
6%
1998 N.C. State Torry Holt
6%
1984 Clemson William Perry
6%
2001 Maryland E.J. Henderson
5%
1997 Florida State Andre Wadsworth
4%
1983 Duke Ben Bennett
4%
2004 Virginia Tech Bryan Randall
4%
1988 Duke Anthony Dilweg
3%
1985 Virginia Barry Word
3%
2005 Wake Forest Chris Barclay
3%
1989 Duke Clarkston Hines
3%
1986 N.C. State Erik Kramer
3%
2008 Georgia Tech Jonathan Dwyer
3%
1994 Duke Robert Baldwin
3%
1982 Duke Chris Castor
2%
1991 Virginia Matt Blundin
2%
No matching quizzes found
Score Distribution
Percent of People with Each Score
Percentile by Number Answered
Your Score History
You have not taken this quiz